[Event "Innsbruck op"]
[Site "Innsbruck"]
[Date "2024.08.31"]
[Round "9"]
[White "Zelcic, Robert"]
[Black "Guttenthaler, Franz"]
[Result "1/2-1/2"]
[WhiteElo "2444"]
[BlackElo "2273"]
[PlyCount "98"]
[EventDate "2024.08.24"]
[EventType "swiss"]
[EventRounds "9"]
[EventCountry "AUT"]
[SourceTitle "CBM 221 Extra"]
[Source "ChessBase"]
[SourceDate "2024.09.30"]
[SourceVersion "1"]
[SourceVersionDate "2024.09.30"]
[SourceQuality "1"]

1. e4 e6 2. d4 d5 3. Nd2 a6 4. Ngf3 Nf6 5. e5 Nfd7 6. Bd3 c5 7. c3 Nc6 8. 0-0 g5 9. Nb1 Be7 10. Be3 h5 11. Nbd2 g4 12. Ne1 Qb6 13. Qb1 Nf8 14. a3 a5 15. Nc2 a4 16. dxc5 Bxc5 17. Re1 Nd7 18. Bf1 Ndxe5 19. b4 axb3 20. Bxc5 Qxc5 21. Nxb3 Qb6 22. a4 h4 23. Bb5 Bd7 24. Nbd4 Qc7 25. a5 Rh5 26. Ne3 h3 27. Bxc6 bxc6 28. Qb6 Qxb6 29. axb6 Rb8 30. Nef5 Kd8 31. Rxe5 exf5 32. Ra6 hxg2 33. Kxg2 Rh3 34. Re3 Rh6 35. Kg3 f4+ 36. Kxf4 Rxh2 37. Kg3 Rh1 38. Nb3 Rh3+ 39. Kf4 Rxe3 40. Kxe3 Bc8 41. Ra7 Rxb6 42. Nc5 Be6 43. Kd4 Rb5 44. Nxe6+ fxe6 45. Ke5 Rb3 46. Kd6 Kc8 47. Rc7+ Kb8 48. Rxc6 Rb2 49. Kxe6 Rxf2 1/2-1/2

[Event "Innsbruck op"]
[Site "Innsbruck"]
[Date "2024.08.28"]
[Round "6"]
[White "Guttenthaler, Franz"]
[Black "Sucher, Johannes"]
[Result "1-0"]
[WhiteElo "2273"]
[BlackElo "2060"]
[PlyCount "69"]
[EventDate "2024.08.24"]
[EventType "swiss"]
[EventRounds "9"]
[EventCountry "AUT"]
[SourceTitle "CBM 221 Extra"]
[Source "ChessBase"]
[SourceDate "2024.09.30"]
[SourceVersion "1"]
[SourceVersionDate "2024.09.30"]
[SourceQuality "1"]

1. d4 d5 2. c4 c6 3. Nf3 Nf6 4. Qc2 g6 5. Bf4 Bg7 6. e3 0-0 7. Nc3 Na6 8. Be2 Bf5 9. Qb3 Qb6 10. Qxb6 axb6 11. cxd5 Nxd5 12. Nxd5 cxd5 13. Kd2 Rfc8 14. Rhc1 f6 15. a3 Bd7 16. Rxc8+ Rxc8 17. Rc1 Rxc1 18. Kxc1 g5 19. Bg3 g4 20. Ne1 Kf7 21. Nd3 Bb5 22. Kd2 Bxd3 23. Kxd3 f5 24. b4 e5 25. Bxe5 Bxe5 26. dxe5 Nc7 27. Kd4 h5 28. f4 h4 29. h3 Kg6 30. hxg4 fxg4 31. Bxg4 Nb5+ 32. Kxd5 Kf7 33. f5 Nxa3 34. Bh5+ Kf8 35. f6 1-0

[Event "Innsbruck op"]
[Site "Innsbruck"]
[Date "2024.08.27"]
[Round "5"]
[White "Garcia Martinez, Marcos"]
[Black "Guttenthaler, Franz"]
[Result "1/2-1/2"]
[WhiteElo "2173"]
[BlackElo "2273"]
[PlyCount "93"]
[EventDate "2024.08.24"]
[EventType "swiss"]
[EventRounds "9"]
[EventCountry "AUT"]
[SourceTitle "CBM 221 Extra"]
[Source "ChessBase"]
[SourceDate "2024.09.30"]
[SourceVersion "1"]
[SourceVersionDate "2024.09.30"]
[SourceQuality "1"]

1. d4 Nf6 2. g3 d5 3. Nf3 e6 4. Bg2 b5 5. 0-0 Bb7 6. a4 b4 7. Ne5 c5 8. c4 bxc3 9. bxc3 Nbd7 10. Nd3 Rc8 11. Ba3 Be7 12. Nd2 0-0 13. Qb1 Ba6 14. Rc1 cxd4 15. cxd4 Rxc1+ 16. Nxc1 Bxa3 17. Rxa3 Qa5 18. Qb2 Rb8 19. Qc3 Qxc3 20. Rxc3 Rb4 21. Rc7 Rxd4 22. Ncb3 Rxa4 23. Rxa7 Bb5 24. Rxa4 Bxa4 25. e3 Bxb3 26. Nxb3 Kf8 27. f3 Ke7 28. Kf2 Kd6 29. Bf1 e5 30. Be2 Nc5 31. Nd2 Nfd7 32. Bb5 Nb6 33. Ke2 Nba4 34. Kf2 Nc3 35. Bf1 f5 36. h3 g5 37. Be2 Nxe2 38. Kxe2 Kc6 39. g4 f4 40. e4 h6 41. Ke1 d4 42. Nc4 Nd7 43. Kd2 Kc5 44. Kd3 Kb4 45. Nd6 Kb3 46. Nf7 Kb2 47. Kd2 1/2-1/2

[Event "Zadar op-A 26th"]
[Site "Zadar"]
[Date "2019.12.22"]
[Round "9"]
[White "Zelic, Mladen"]
[Black "Guttenthaler, Franz"]
[Result "0-1"]
[WhiteElo "2254"]
[BlackElo "2304"]
[PlyCount "72"]
[EventDate "2019.12.15"]
[EventType "swiss"]
[EventRounds "9"]
[EventCountry "CRO"]
[SourceTitle "CBM 193 Extra"]
[Source "ChessBase"]
[SourceDate "2020.01.31"]
[SourceVersion "1"]
[SourceVersionDate "2020.01.31"]
[SourceQuality "1"]

1. e4 e6 2. d4 d5 3. Nc3 Nf6 4. e5 Nfd7 5. f4 c5 6. Nf3 Nc6 7. Bd3 Nxd4 8. Nxd4 cxd4 9. Ne2 Qa5+ 10. Bd2 Qb6 11. 0-0 Nc5 12. Be1 Bd7 13. Bf2 Nxd3 14. cxd3 Bc5 15. b4 Qxb4 16. Rb1 Qa5 17. Qc1 Rc8 18. f5 exf5 19. Qg5 g6 20. Rxb7 Be7 21. Qf4 Qa6 22. Rfb1 Qxd3 23. Nxd4 0-0 24. Qh6 Rc7 25. Rxc7 Qxb1+ 26. Rc1 Qxa2 27. h4 Rc8 28. e6 Bxe6 29. Rxc8+ Bxc8 30. Nc6 Qb1+ 31. Kh2 Bd6+ 32. Bg3 Bxg3+ 33. Kxg3 Qe1+ 34. Kh2 Bd7 35. Nxa7 Qe5+ 36. Kh1 Qa1+ 0-1

[Event "Zadar op-A 26th"]
[Site "Zadar"]
[Date "2019.12.21"]
[Round "8"]
[White "Guttenthaler, Franz"]
[Black "Spalir, Jernej"]
[Result "0-1"]
[WhiteElo "2304"]
[BlackElo "2429"]
[PlyCount "78"]
[EventDate "2019.12.15"]
[EventType "swiss"]
[EventRounds "9"]
[EventCountry "CRO"]
[SourceTitle "CBM 193 Extra"]
[Source "ChessBase"]
[SourceDate "2020.01.31"]
[SourceVersion "1"]
[SourceVersionDate "2020.01.31"]
[SourceQuality "1"]

1. d4 d5 2. c4 e6 3. Nc3 Nf6 4. cxd5 Nxd5 5. e4 Nxc3 6. bxc3 c5 7. Nf3 cxd4 8. cxd4 Bb4+ 9. Bd2 Bxd2+ 10. Qxd2 0-0 11. Bc4 b6 12. 0-0 Bb7 13. Rfe1 Nd7 14. d5 exd5 15. Bxd5 Nc5 16. Bxb7 Nxb7 17. Rad1 Nc5 18. Qf4 Qe7 19. Nd4 Ne6 20. Nxe6 Qxe6 21. Rd2 Rfd8 22. Red1 Rxd2 23. Rxd2 Rc8 24. Qc7 h6 25. Rd8+ Rxd8 26. Qxd8+ Kh7 27. Qd3 Qxa2 28. h4 Qa1+ 29. Kh2 Qe5+ 30. g3 h5 31. Qd7 Qf6 32. f4 a5 33. Qb5 g6 34. e5 Qe6 35. Kg2 Qa2+ 36. Kh3 a4 37. f5 gxf5 38. e6 Qxe6 39. Qxa4 f4+ 0-1

[Event "Zadar op-A 26th"]
[Site "Zadar"]
[Date "2019.12.20"]
[Round "7"]
[White "Nguyen, Piotr"]
[Black "Guttenthaler, Franz"]
[Result "1-0"]
[WhiteElo "2413"]
[BlackElo "2304"]
[PlyCount "121"]
[EventDate "2019.12.15"]
[EventType "swiss"]
[EventRounds "9"]
[EventCountry "CRO"]
[SourceTitle "CBM 193 Extra"]
[Source "ChessBase"]
[SourceDate "2020.01.31"]
[SourceVersion "1"]
[SourceVersionDate "2020.01.31"]
[SourceQuality "1"]

1. g3 d5 2. Nf3 e6 3. Bg2 Nf6 4. 0-0 Be7 5. c4 dxc4 6. Na3 c5 7. Nxc4 Nc6 8. b3 0-0 9. Bb2 Nd5 10. d4 b5 11. Nce5 Nxe5 12. Nxe5 Bb7 13. dxc5 Bxc5 14. Rc1 Rc8 15. e4 Nf6 16. Qe2 Qb6 17. Rfd1 Rfd8 18. Nd3 Bd4 19. Rxc8 Rxc8 20. Bxd4 Qxd4 21. Nf4 Qe5 22. f3 h5 23. Qf2 a6 24. b4 Qc3 25. Nd3 Rd8 26. Bf1 Qd4 27. Qxd4 Rxd4 28. Rc1 Rd8 29. Nc5 Bc8 30. a4 bxa4 31. Ra1 Nd7 32. Rxa4 Nxc5 33. bxc5 Rd1 34. Rb4 Kh7 35. Rb8 Bd7 36. Rd8 Kg6 37. c6 Rxf1+ 38. Kxf1 Bxc6 39. Kf2 Kf6 40. Rc8 Bb5 41. h4 g6 42. Ke3 e5 43. f4 exf4+ 44. gxf4 Ke6 45. Rb8 Kf6 46. Kd4 Be2 47. Rb6+ Kg7 48. Rb2 Bf1 49. Ke5 Bc4 50. Rb7 Bd3 51. Rc7 Be2 52. f5 gxf5 53. exf5 Bd1 54. Rc1 Bb3 55. Rg1+ Kh6 56. Ra1 Bc4 57. Kf6 Kh7 58. Ra4 Bd3 59. Rd4 Bc2 60. Rd7 Bb3 61. Ra7 1-0

[Event "Oberliga Bayern 1920"]
[Site "Bayern"]
[Date "2019.11.24"]
[Round "3.4"]
[White "Guttenthaler, Franz"]
[Black "Hinterreiter, Markus"]
[Result "1/2-1/2"]
[WhiteElo "2252"]
[BlackElo "2137"]
[PlyCount "37"]
[EventDate "2019.10.20"]
[EventType "team-tourn"]
[EventRounds "9"]
[EventCountry "GER"]
[SourceTitle "EXT 2021"]
[Source "ChessBase"]
[SourceDate "2020.10.23"]
[SourceVersion "1"]
[SourceVersionDate "2020.10.23"]
[SourceQuality "1"]
[WhiteTeam "Weilheim"]
[BlackTeam "Trostberg"]
[WhiteTeamCountry "GER"]
[BlackTeamCountry "GER"]

1. d4 d5 2. c4 c6 3. Nf3 Nf6 4. Nc3 a6 5. a4 e6 6. Bg5 a5 7. e3 Na6 8. Be2 Be7 9. 0-0 0-0 10. Ne5 Nb4 11. b3 Nd7 12. Bxe7 Qxe7 13. Nd3 b6 14. e4 dxc4 15. bxc4 Ba6 16. Qb3 e5 17. d5 Nxd3 18. Bxd3 Nc5 19. Qa3 1/2-1/2

[Event "Trieste op 21st"]
[Site "Trieste"]
[Date "2019.09.01"]
[Round "2"]
[White "Tiviakov, Sergei"]
[Black "Guttenthaler, Franz"]
[Result "1-0"]
[WhiteElo "2611"]
[BlackElo "2317"]
[PlyCount "57"]
[EventDate "2019.08.31"]
[EventType "swiss"]
[EventRounds "9"]
[EventCountry "ITA"]
[SourceTitle "EXT 2020"]
[Source "ChessBase"]
[SourceDate "2019.10.17"]
[SourceVersion "1"]
[SourceVersionDate "2019.10.17"]
[SourceQuality "1"]

1. e4 e6 2. d4 d5 3. Nd2 Nf6 4. e5 Nfd7 5. c3 c5 6. Bd3 b6 7. Ne2 Ba6 8. Bxa6 Nxa6 9. 0-0 Nc7 10. Nf4 c4 11. Qg4 g6 12. h4 b5 13. Nf3 Be7 14. h5 g5 15. Ne2 h6 16. Qh3 Rg8 17. Nh2 f5 18. exf6 Nxf6 19. Ng4 Nxg4 20. Qxg4 Qd7 21. Bf4 0-0-0 22. Be5 Ne8 23. a4 b4 24. cxb4 Bxb4 25. b3 cxb3 26. Rab1 a5 27. Rxb3 Nd6 28. Nc1 Nc4 29. Nd3 1-0

[Event "BL2-Ost 1819"]
[Site "Germany"]
[Date "2019.02.03"]
[Round "6.3"]
[White "Renner, Christoph"]
[Black "Guttenthaler, Franz"]
[Result "0-1"]
[WhiteElo "2333"]
[BlackElo "2324"]
[PlyCount "96"]
[EventDate "2018.11.10"]
[EventType "team-tourn"]
[EventRounds "10"]
[EventCountry "GER"]
[SourceTitle "CBM 190 Extra"]
[Source "ChessBase"]
[SourceDate "2019.07.15"]
[SourceVersion "1"]
[SourceVersionDate "2019.07.15"]
[SourceQuality "1"]
[WhiteTeam "Garching"]
[BlackTeam "Weilheim"]
[WhiteTeamCountry "GER"]
[BlackTeamCountry "GER"]

1. d4 Nf6 2. Bf4 d5 3. e3 c5 4. c3 Nc6 5. Nd2 cxd4 6. exd4 Bf5 7. Qb3 Qd7 8. Ngf3 e6 9. Ne5 Qc8 10. Bb5 Nd7 11. Ndf3 f6 12. Nxd7 Qxd7 13. 0-0 g5 14. Be3 Bd6 15. Rfe1 a6 16. Bf1 Rc8 17. Qd1 0-0 18. Bd3 Bg6 19. Rc1 b5 20. Rc2 Rfe8 21. h3 Qf7 22. Nh2 Bxd3 23. Qxd3 Bxh2+ 24. Kxh2 Qc7+ 25. g3 Nb4 26. Qd2 Nxc2 27. Qxc2 b4 28. Bd2 Qc4 29. Qb1 bxc3 30. Bxc3 Qc7 31. Qd3 Qf7 32. Re3 Rc6 33. Rf3 Kg7 34. Qe2 Qg6 35. Re3 h5 36. a3 g4 37. h4 Qf5 38. Kg2 Kg6 39. Qd1 Rc4 40. Kg1 Rec8 41. Rd3 a5 42. Qd2 a4 43. Kg2 Rd8 44. Bb4 Rc1 45. Qe3 Qe4+ 46. f3 Rc2+ 47. Kg1 gxf3 48. Qxf3 Rxb2 0-1

[Event "BL2-Ost 1819"]
[Site "Germany"]
[Date "2018.12.14"]
[Round "8.4"]
[White "Schmidt, Peter"]
[Black "Guttenthaler, Franz"]
[Result "1-0"]
[WhiteElo "2402"]
[BlackElo "2324"]
[PlyCount "127"]
[EventDate "2018.11.10"]
[EventType "team-tourn"]
[EventRounds "10"]
[EventCountry "GER"]
[SourceTitle "CBM 190 Extra"]
[Source "ChessBase"]
[SourceDate "2019.07.15"]
[SourceVersion "1"]
[SourceVersionDate "2019.07.15"]
[SourceQuality "1"]
[WhiteTeam "Passau"]
[BlackTeam "Weilheim"]
[WhiteTeamCountry "GER"]
[BlackTeamCountry "GER"]

1. Nf3 Nf6 2. g3 d5 3. Bg2 Nbd7 4. d4 b5 5. 0-0 e6 6. Bg5 Be7 7. Nbd2 Bb7 8. c3 c5 9. a4 b4 10. cxb4 cxd4 11. Nxd4 Bxb4 12. Nc2 Be7 13. b4 0-0 14. Nb3 Rc8 15. Ra2 Ba8 16. Be3 a6 17. Qd3 Rc4 18. Na5 Ne5 19. Qd2 Rc8 20. Bd4 Qc7 21. Ne3 Nc6 22. Nxc6 Bxc6 23. Rc1 Qd7 24. a5 Bb5 25. Rd1 Rc6 26. h3 Rfc8 27. Ng4 Nxg4 28. hxg4 Rc4 29. Rb2 Qb7 30. Bf1 R4c6 31. Rdb1 Bc4 32. e3 Qb5 33. Bg2 Bd3 34. Rd1 Bc2 35. Bf1 Qb7 36. b5 axb5 37. Rxb5 Qa8 38. Rc1 Bf8 39. Rb6 Ba3 40. Ra1 Bc5 41. Rxc6 Rxc6 42. Bxc5 Rxc5 43. Rc1 Qc8 44. Qb4 Rc7 45. a6 h6 46. a7 Rxa7 47. Rxc2 Qxc2 48. Qb8+ Kh7 49. Qxa7 Qg6 50. Qe7 Kg8 51. Be2 Qb1+ 52. Kg2 Qe4+ 53. Bf3 Qg6 54. Qd8+ Kh7 55. Qc7 Qf6 56. Bd1 g6 57. Bf3 Qg7 58. Qe7 Kg8 59. Qe8+ Kh7 60. Bd1 Qf6 61. Qf8 e5 62. Bb3 e4 63. Qc5 Qf3+ 64. Kg1 1-0

[Event "BL2-Ost 1718"]
[Site "Germany"]
[Date "2017.11.12"]
[Round "4.4"]
[White "Guttenthaler, Franz"]
[Black "Cech, Pavel"]
[Result "1/2-1/2"]
[WhiteElo "2332"]
[BlackElo "2364"]
[PlyCount "36"]
[EventDate "2017.10.21"]
[EventType "team-tourn"]
[EventRounds "10"]
[EventCountry "GER"]
[SourceTitle "CBM 183 Extra"]
[Source "ChessBase"]
[SourceDate "2018.04.19"]
[SourceVersion "1"]
[SourceVersionDate "2018.04.19"]
[SourceQuality "1"]
[WhiteTeam "Weilheim"]
[BlackTeam "Bindlach"]
[WhiteTeamCountry "GER"]
[BlackTeamCountry "GER"]

1. c4 c6 2. Nf3 Nf6 3. Nc3 d5 4. e3 g6 5. d4 Bg7 6. Bd3 Bg4 7. h3 Bxf3 8. Qxf3 0-0 9. 0-0 Qd6 10. Rd1 Nbd7 11. Qe2 e5 12. cxd5 cxd5 13. dxe5 Qxe5 14. Bd2 Nc5 15. Rac1 Ne6 16. Be1 a6 17. Na4 Rfe8 18. b3 d4 1/2-1/2

[Event "Porto Mannu op 9th"]
[Site "Porto Mannu"]
[Date "2017.06.06"]
[Round "5"]
[White "Lagumina, Giulio"]
[Black "Guttenthaler, Franz"]
[Result "1/2-1/2"]
[WhiteElo "2238"]
[BlackElo "2334"]
[PlyCount "79"]
[EventDate "2017.06.03"]
[EventType "swiss"]
[EventRounds "9"]
[EventCountry "ITA"]
[SourceTitle "CBM 178 Extra"]
[Source "ChessBase"]
[SourceDate "2017.06.22"]
[SourceVersion "1"]
[SourceVersionDate "2017.06.22"]
[SourceQuality "1"]

1. e4 e6 2. d4 d5 3. Nc3 Nf6 4. e5 Nfd7 5. f4 c5 6. Nf3 Be7 7. Be3 b6 8. Qd2 0-0 9. h4 Nc6 10. Bd3 f6 11. exf6 Nxf6 12. Bb5 Nxd4 13. Nxd4 cxd4 14. Bxd4 Bd7 15. Be2 Bd6 16. 0-0-0 Qc7 17. g3 Bc6 18. Rhe1 Rad8 19. Bf3 Qf7 20. Be5 Bc5 21. Ne2 Nd7 22. Bc3 Ba8 23. Nd4 Rfe8 24. Bg4 Bxd4 25. Qxd4 Nf6 26. Bf3 Rc8 27. b3 Rc7 28. Bb2 Rec8 29. Rd2 Qg6 30. Qf2 Rc6 31. Re5 h6 32. h5 Qf7 33. Qd4 Nd7 34. Ree2 e5 35. Rxe5 Nxe5 36. Bxd5 Rxc2+ 37. Rxc2 Rxc2+ 38. Kxc2 Bxd5 39. Qxe5 Bf3 40. Bd4 1/2-1/2

[Event "Bad Woerishofen op 33rd"]
[Site "Bad Woerishofen"]
[Date "2017.03.10"]
[Round "1"]
[White "Guttenthaler, Franz"]
[Black "Marian, Hartmut"]
[Result "1-0"]
[WhiteElo "2315"]
[BlackElo "2028"]
[PlyCount "33"]
[EventDate "2017.03.10"]
[EventType "swiss"]
[EventRounds "9"]
[EventCountry "GER"]
[SourceTitle "EXT 2018"]
[Source "ChessBase"]
[SourceDate "2017.10.13"]
[SourceVersion "1"]
[SourceVersionDate "2017.10.13"]
[SourceQuality "1"]

1. e4 c5 2. Nf3 Nc6 3. d4 cxd4 4. Nxd4 Nf6 5. Nc3 d6 6. Be2 e6 7. 0-0 Be7 8. Be3 0-0 9. Kh1 a6 10. a4 Qc7 11. f4 b6 12. Nxc6 Qxc6 13. Bf3 e5 14. Nd5 Nxd5 15. exd5 Qc7 16. fxe5 dxe5 17. d6 1-0